000 004720000a22001810004500
003 LK-CoMWRAF
005 20230924073211.0
008 230817t ||||| |||| 00| 0 eng d
040 _aLK-CoMWRAF
_dLK-CoMWRAF
_eLK-CoMWRAF
041 _aeng
082 _a297.6
_bSAL
100 _aSalik, S.A.
245 _aThe Saint of Jilan :
_b(Chaus-Us-Azam)
260 _aPakistan (Lahore) :
_bMuhammad Ashraf,
_c1974
300 _a110p
650 _aIlsam-Saint-Jilan
942 _cBK
999 _c1198
_d1198